Accounting Standards Board (Record no. 119792)

MARC details
000 -LEADER
fixed length control field 00962cam a2200217 4500
001 - CONTROL NUMBER
control field WS110995
008 - FIXED-LENGTH DATA ELEMENTS--GENERAL INFORMATION
fixed length control field 000000n 000 0 eng u
035 ## - SYSTEM CONTROL NUMBER
System control number (Sirsi) u110995
110 ## - MAIN ENTRY--CORPORATE NAME
Corporate name or jurisdiction name as entry element Accounting Standards Board
9 (RLIN) 3454
245 ## - TITLE STATEMENT
Title Accounting Standards Board
520 ## - SUMMARY, ETC.
Summary, etc. Site for this organisation which issues accounting standards in the UK. Includes the ASB Statements which are definite pronouncements, financial reporting standards, Statements of Standard Accounting Practice (SSAP) and statements of recommended practice. Also links to their journal 'Inside Track.
650 ## - SUBJECT ADDED ENTRY--TOPICAL TERM
Topical term or geographic name entry element ACCOUNTING STANDARDS
650 ## - SUBJECT ADDED ENTRY--TOPICAL TERM
Topical term or geographic name entry element ORGANISATION
650 ## - SUBJECT ADDED ENTRY--TOPICAL TERM
Topical term or geographic name entry element COMPANIES ACT 1985
650 ## - SUBJECT ADDED ENTRY--TOPICAL TERM
Topical term or geographic name entry element FINANCIAL REPORTING STANDARDS
650 0# - SUBJECT ADDED ENTRY--TOPICAL TERM
Topical term or geographic name entry element STATEMENTS OF STANDARD ACCOUNTING PRACTICE
650 0# - SUBJECT ADDED ENTRY--TOPICAL TERM
Topical term or geographic name entry element SSAPS
690 ## - LOCAL SUBJECT ADDED ENTRY--TOPICAL TERM (OCLC, RLIN)
Topical term or geographic name as entry element PROPERTY-PROPERTY FINANCE AND INVESTMENT
856 40 - ELECTRONIC LOCATION AND ACCESS
Uniform Resource Identifier <a href="https://www.asb.org.uk">https://www.asb.org.uk</a>
Public note View the website free of charge at www.asb.org.uk...
942 ## - ADDED ENTRY ELEMENTS (KOHA)
Suppress in OPAC 0
Holdings
Withdrawn status Lost status Source of classification or shelving scheme Damaged status Not for loan Home library Current library Shelving location Date acquired Total Checkouts Full call number Barcode Date last seen Copy number Price effective from Koha item type
    Dewey Decimal Classification     Virtual Virtual Online 19/02/2001   WEB SITE 110995-2001 06/08/2019 1 06/08/2019 Online material